| 000 | 00372nam a2200145Ia 4500 | ||
|---|---|---|---|
| 008 | 230917s9999||||xx |||||||||||||| ||und|| | ||
| 040 |
_e183540 _aMAIN |
||
| 041 | _aEnglish | ||
| 082 | _a338.4791 S64S | ||
| 100 | _aSingh, Mahesh Chandra | ||
| 245 | 0 | _aShopping and retailing tourism | |
| 260 |
_aNew Delhi _bCentrum Press _c2010 |
||
| 300 | _avii, 336 p. | ||
| 942 | _cBK | ||
| 999 |
_c164440 _d164440 |
||